| 000 | 00556nam a2200229Ia 4500 | ||
|---|---|---|---|
| 008 | 160319s9999 xx 000 0 und d | ||
| 020 | _a9716680031 | ||
| 050 | _a808.8 | ||
| 050 | _bB336k | ||
| 100 | _aBatubalani, AM | ||
| 245 | _aMga katutubong pabula : | ||
| 245 | _bmay ginintuang aral / | ||
| 245 | _cA.M. Batubalani | ||
| 260 | _aManila : | ||
| 260 | _bLoacan Pub. House. | ||
| 260 | _c1999? | ||
| 300 | _a 130 pages : | ||
| 300 | _billustrations ; | ||
| 300 | _c20 cm. | ||
| 500 | _aIn Tagalog. | ||
| 650 | _aFables, Philippine. | ||
| 999 |
_c292178 _d292178 |
||